|
|
|
|
| LEADER |
00000nam a2200000 a 4500 |
| 001 |
vtls008422555 |
| 003 |
SK-MaSNL |
| 005 |
20260301123744.0 |
| 008 |
240318s2004 xo 000 0 slo |
| 015 |
|
|
|a SNBA2006/02-01069
|
| 020 |
|
|
|a 8071414611
|q (brož.)
|
| 040 |
|
|
|a SNK
|b slo
|c SNK
|e AACR2
|
| 041 |
0 |
|
|a slo
|
| 044 |
|
|
|a xo
|c SK
|
| 072 |
|
7 |
|a 2-23/-27
|x Biblia. Biblistika
|2 konspekt
|
| 080 |
|
|
|a 27-244
|2 MDT-MRF
|
| 080 |
|
|
|a 27-277
|2 MDT-MRF
|
| 080 |
|
|
|a 27-277.2
|2 MDT-MRF
|
| 080 |
|
|
|a (075.8)
|2 MDT-MRF
|
| 080 |
|
|
|a 27-23
|2 MDT-MRF
|
| 100 |
1 |
|
|a Králik, Emil
|4 aut
|9 14574
|
| 245 |
1 |
0 |
|a Úvody do Prorockých kníh Starého zákona
|c Emil Králik
|
| 250 |
|
|
|a 1. vyd.
|
| 260 |
|
|
|a Trnava
|b Dobrá kniha
|c 2004
|
| 300 |
|
|
|a 198 s.
|c 21 cm
|
| 501 |
|
|
|a Vydané pre Teologickú fakultu Trnavskej univerzity
|
| 504 |
|
|
|a Bibliogr. odkazy. Bibliogr. s. 195-198
|
| 630 |
0 |
7 |
|a Biblia
|p Proroci
|2 SNKPH
|9 163238
|
| 650 |
0 |
7 |
|a starozákonní proroci
|2 SNKPH
|9 69861
|
| 650 |
0 |
7 |
|a biblické štúdium
|2 SNKPH
|9 4152
|
| 650 |
0 |
7 |
|a biblické citáty
|2 SNKPH
|9 1914
|
| 650 |
0 |
7 |
|a biblická interpretácia
|2 SNKPH
|9 68298
|
| 655 |
|
7 |
|a učebnice vysokých škôl
|2 SNKPH
|9 70191
|
| 710 |
2 |
|
|a Trnavská univerzita v Trnave.
|b Teologická fakulta v Bratislave
|4 pbl
|9 119703
|
| 919 |
|
|
|a 80-7141-461-1
|
| 958 |
|
|
|a OND
|
| 968 |
|
|
|d 2
|
| 999 |
|
|
|c 737336
|d 739266
|
| 952 |
|
|
|a SNK
|b SNK
|y PREZ
|7 0
|p 17A0493936
|o snkSC 122135
|i snk2006/301
|8 0
|0 0
|1 0
|4 0
|d 2006-01-09
|l 0
|r 2025-06-03 00:00:00
|w 2026-02-23
|
| 952 |
|
|
|a SNK
|b SNK
|y VYP
|7 0
|p 17A0493937
|o snkSC 122135 D1
|i snk2006/302
|8 0
|0 0
|1 0
|4 0
|d 2006-01-09
|l 0
|r 2026-02-23 22:48:30
|w 2026-02-23
|